| 000 | 00000nam##2200000za#4500 |
| 001 | 9.609767 |
| 003 | CaOODSP |
| 005 | 20220111083347 |
| 007 | ta |
| 008 | 150406|1992||||xxc||||| f|0| 0 eng|d |
| 020 | |a0-662-19616-3 |
| 022 | |a1713-0638 |
| 040 | |aCaOODSP|beng |
| 043 | |an-cn--- |
| 086 | 1 |aNE22-1/1992-2E |
| 110 | 1 |aCanada. |bNational Energy Board. |
| 245 | 10|aIn the matter of: TransCanada PipeLines Limited : |bapplication dated 4 July 1991, as amended, for tolls |
| 260 | |aCalgary - Alberta : |bNational Energy Board |cMarch, 1992. |
| 300 | |a27, 34p. : |btables ; |c28 cm. |
| 490 | 1 |aReasons for decision|x1713-0638 |
| 563 | |aSoftcover |
| 690 | 07|aPetroleum industry|2gcpds |
| 775 | 08|tTransCanada PipeLines Limited : |w(CaOODSP)9.621544 |
| 776 | 0#|tReasons for decision in the matter of TransCanada PipeLines Limited : |w(CaOODSP)9.572359 |
| 830 | #0|aReasons for decision (Canada. National Energy Board)|x1713-0638|w(CaOODSP)9.514808 |
| 986 | |aRH-4-91 |